000 00322nam a2200133Ia 4500
005 20260328101517.0
008 260328s9999||||xx |||||||||||||| ||und||
100 _aPinilla, Mauricio
245 0 _aCuubismo y Racionalismo /
_cMauricio Pinilla
260 _bEscala
300 _a16 p.
650 _aARQUITECTURA
942 _cBK
999 _c9443
_d9443